Antología : sobre las lenguas filipinas /

Bibliographic Details
Main Author: Pardo de Tavera, T. H., (Trinidad Hermenegildo), 1857-1925
Format: Electronic eBook
Language:Spanish
Published: Barcelona : www.Linkgua.com, 2011.
Series:Diferencias (Linkgua Ediciones)
Subjects:
Online Access:Digitalia Hispánica

MARC

LEADER 00000nam a2200000Ii 4500
001 DIGLINK00854
003 NyNyDIG
006 m o d
007 cr |||||||||||
008 140401s2011 sp o 000 0 spa d
020 |a 9788498160116  |q (eBook) 
020 |z 9788498168884 
040 |a DGITA  |b eng  |e pn  |c DGITA 
050 1 4 |a PL6059 eBook 
100 1 |a Pardo de Tavera, T. H.,   |q (Trinidad Hermenegildo),  |d 1857-1925. 
245 1 0 |a Antología :  |b sobre las lenguas filipinas /  |c Trinidad Hermenegildo Pardo de Tavera. 
264 1 |a Barcelona :  |b www.Linkgua.com,  |c 2011.  
300 |a 1 online resource (62 pages) 
336 |a text  |b txt  |2 rdacontent 
337 |a computer  |b c  |2 rdamedia 
338 |a online resource  |b cr  |2 rdacarrier 
490 1 |a Diferencias. 
655 0 |a Electronic books. 
791 2 |a Digitalia (Firm),  |e distributor. 
830 0 |a Diferencias (Linkgua Ediciones) 
793 0 |g Digitalia eBook Collection:  |a Linkgua. 
856 4 0 |3 Digitalia Hispánica  |u https://www.digitaliapublishing.com/a/9979/ 
910 |a Premium Collection: 2007-2012